| Tag |
First Indicator |
Second Indicator |
Subfields |
| LEADER |
00000cam a2200000 a 4500 |
| 001 |
in00000554237 |
| 005 |
20151014051202.0 |
| 008 |
830225s1982 vaua b 10110 eng d |
| 020 |
|
|
|a 0892081090
|
| 035 |
|
|
|a (OCoLC)09259851
|
| 035 |
|
|
|9 ACJ2858AM
|
| 040 |
|
|
|a XER
|c XER
|d TXA
|d UtOrBLW
|
| 049 |
|
|
|a TXAM
|c [1390890]
|
| 090 |
|
|
|a TS514
|b .F396 1982
|
| 111 |
2 |
|
|a Fall Symposium of the Society of Photographic Scientists and Engineers
|n (22nd :
|d 1982 :
|c Arlington, Va.)
|
| 245 |
1 |
0 |
|a Unconventional Imaging, Science and Technology :
|b the 22nd Fall Symposium, November 15-18, 1982, Key Bridge Marriot Hotel, Arlington, Virginia : advanced printing of paper summaries.
|
| 264 |
|
1 |
|a Springfield, Va. :
|b Society of Photographic Scientists and Engineers,
|c 1982.
|
| 300 |
|
|
|a xi, 72 pages :
|b illustrations ;
|c 23 cm.
|
| 336 |
|
|
|a text
|b txt
|2 rdacontent
|
| 337 |
|
|
|a unmediated
|b n
|2 rdamedia
|
| 338 |
|
|
|a volume
|b nc
|2 rdacarrier
|
| 504 |
|
|
|a Includes bibliographical references and index.
|
| 650 |
|
0 |
|a Imaging systems
|v Congresses.
|
| 710 |
2 |
|
|a Society of Photographic Scientists and Engineers.
|
| 999 |
|
|
|a MARS
|
| 999 |
f |
f |
|s d481ee11-c761-3ea0-9652-b2d9f4406d69
|i e9943301-bfcf-3094-8db5-826fa212c745
|t 0
|
| 952 |
f |
f |
|p ric
|a Texas A&M University
|b Rellis Campus
|c Joint Library Facility
|d Remote Storage
|t 0
|e TS514 .F396 1982
|h Library of Congress classification
|i unmediated -- volume
|m A14808867843
|
| 998 |
f |
f |
|a TS514 .F396 1982
|t 0
|l Remote Storage
|